The Grim Grotto / (Record no. 7400)

MARC details
000 -LEADER
fixed length control field 01107nam a22003017a 4500
001 - CONTROL NUMBER
control field 7400
003 - CONTROL NUMBER IDENTIFIER
control field FISKH
005 - DATE AND TIME OF LATEST TRANSACTION
control field 20250711155102.0
008 - FIXED-LENGTH DATA ELEMENTS--GENERAL INFORMATION
fixed length control field 250711b cb ||||| |||| 00| 0 eng d
020 ## - INTERNATIONAL STANDARD BOOK NUMBER
International Standard Book Number 9780064410144
040 ## - CATALOGING SOURCE
Original cataloging agency FISKH
Language of cataloging eng
Transcribing agency FISKH
Modifying agency FISKH
050 ## - LIBRARY OF CONGRESS CALL NUMBER
Classification number PZ7.S6795 G
082 ## - DEWEY DECIMAL CLASSIFICATION NUMBER
Classification number 813.6
100 ## - MAIN ENTRY--PERSONAL NAME
Personal name Snicket, Lemony
245 ## - TITLE STATEMENT
Title The Grim Grotto /
Statement of responsibility, etc. by Lemony Snicket : Illustrated by Brett Helquist
250 ## - EDITION STATEMENT
Edition statement First Edition
260 ## - PUBLICATION, DISTRIBUTION, ETC.
Place of publication, distribution, etc. New York :
Name of publisher, distributor, etc. Harper Collins Publishers ,
Date of publication, distribution, etc. 2004.
300 ## - PHYSICAL DESCRIPTION
Extent 323 pages :
Other physical details illustrations ;
Dimensions 19 cm .
490 ## - SERIES STATEMENT
Series statement A Series of Unfortunate Events
Volume/sequential designation Book 11
505 ## - FORMATTED CONTENTS NOTE
Formatted contents note Z <br/>
520 ## - SUMMARY, ETC.
Summary, etc. Still pursued by the evil Count Olaf, the Baudelaire orphans attempt to reach a very important VFD meeting, but first they must travel in a rattletrap submarine to the Gorgonian Grotto, a dangerous underwater cave, in search of the sugar bowl.
521 8# - TARGET AUDIENCE NOTE
Target audience note 1040 <br/>
Source Lexile <br/>
521 8# - TARGET AUDIENCE NOTE
Target audience note Z <br/>
Source Raz-Plus <br/>
650 ## - SUBJECT ADDED ENTRY--TOPICAL TERM
Topical term or geographic name entry element Dark humor
Form subdivision Children's Fiction
700 ## - ADDED ENTRY--PERSONAL NAME
Personal name Helquist, Brett
Relator term Illustrated
942 ## - ADDED ENTRY ELEMENTS (KOHA)
Source of classification or shelving scheme Dewey Decimal Classification
Koha item type Books
Suppress in OPAC No
Holdings
Withdrawn status Lost status Source of classification or shelving scheme Damaged status Not for loan Collection Home library Current library Shelving location Date acquired Total Checkouts Full call number Barcode Date last seen Price effective from Koha item type
    Dewey Decimal Classification     Fiction Footprints International School Library Network Toul Tom Poung Campus Footprints International School Library Network Toul Tom Poung Campus TTP Secondary Fiction Bookshelves 07/11/2025   SNI 813.6 PZ7.S6795 G 2025-1836 07/11/2025 07/11/2025 Books